Sports Quiz

Random Sports Quiz
Score 0/64 Timer 06:00
0 Plays Today
Year Driver % Correct
2007Adrian Sutil
81.6%
2008Adrian Sutil
81.6%
2009Adrian Sutil
81.6%
2013Max Chilton
80.6%
2012Narain Karthikeyan
74.9%
2002Alex Yoong
66.3%
2005Christijan Albers
63.9%
2011Vitantonio Liuzzi
58%
1999Marc Gené
57.6%
2004Zsolt Baumgartner
55.3%
2003Jos Verstappen
54.5%
2001Tarso Marques
54.1%
2006Tiago Monteiro
53.7%
2010Sakon Yamamoto
53.3%
1995Pedro Diniz
51.4%
1997Ukyo Katayama
51.4%
2000Gaston Mazzacane
51.4%
1994David Brabham
50.6%
1998Esteban Tuero
45.9%
1985Martin Brundle
39.2%
1991Martin Brundle
39.2%
1975Wilson Fittipaldi
36.1%
1993Andrea de Cesaris
35.7%
1996Pedro Lamy
34.5%
1989Mauricio Gugelmin
30.2%
1983Piercarlo Ghinzani
29%
1988Luis Pérez-Sala
27.8%
1978Keke Rosberg
24.7%
1990Olivier Grouillard
24.7%
1992Paul Belmondo
23.1%
1986Allen Berg
18.8%
1972Niki Lauda
18.4%
Year Driver % Correct
1979Jan Lammers
17.3%
1980Jan Lammers
17.3%
1987Pascal Fabre
17.3%
1963Jo Bonnier
14.9%
1966Jo Bonnier
14.9%
1984Huub Rothengatter
14.5%
1961Jim Clark
13.7%
1968Lucien Bianchi
12.9%
1969John Surtees
12.5%
1981Derek Daly
12.2%
1964Jo Siffert
11.8%
1950Johnny Claes
11%
1955Johnny Claes
11%
1970Pedro Rodriguez
11%
1976Harald Ertl
11%
1974John Watson
10.6%
1956Maurice Trintignant
9.8%
1973Howden Ganley
9.8%
1982Slim Borgudd
9.8%
1959Bruce McLaren
9.4%
1960Carel Godin de Beaufort
8.2%
1971Andrea de Adamich
8.2%
1977Alex Ribeiro
6.7%
1962Innes Ireland
6.3%
1965Bob Anderson
5.5%
1967Guy Ligier
5.5%
1951Franco Rol
4.7%
1958Roy Salvadori
3.5%
1957Ivor Bueb
2.7%
1953John Barber
1.6%
1954Jacques Swaters
1.6%
1952Dries van der Lof
1.2%
Remove Ads.
Support Sporcle.
Get the best of Sporcle when you Go Orange. This ad-free experience offers more features, more stats, and more fun while also helping to support Sporcle. Thank you for becoming a member.

You're not logged in!

Compare scores with friends on all Sporcle quizzes.
OR
Log In

Show Comments

Extras

Top Quizzes Today


Score Distribution

Your Account Isn't Verified!

In order to create a playlist on Sporcle, you need to verify the email address you used during registration. Go to your Sporcle Settings to finish the process.

Report this User

Report this user for behavior that violates our Community Guidelines.

Details: